| 000 | 004510000a22001690004500 | ||
|---|---|---|---|
| 003 | MACL | ||
| 005 | 20160109122609.0 | ||
| 008 | 160109b xxu||||| |||| 00| 0 eng d | ||
| 040 |
_aMACL _cMACL |
||
| 041 | _aEnglish | ||
| 082 | _a920/KOE | ||
| 100 |
_aKoestler, Arthur _930263 |
||
| 245 |
_aArrow In the Blue _bAn Autobiography |
||
| 260 |
_bCollins With Hamish Hamilton Ltd _c1952 _aBritain |
||
| 650 |
_aBiography _930264 |
||
| 942 |
_cBK _k920/KOE _2ddc |
||
| 999 |
_c38883 _d38883 |
||